Birmingham faces 2008 uncertainty (Record no. 79695)
[ view plain ]
| 000 -LEADER | |
|---|---|
| fixed length control field | 00839cab a22001935a 4500 |
| 001 - CONTROL NUMBER | |
| control field | L141994 |
| 008 - FIXED-LENGTH DATA ELEMENTS--GENERAL INFORMATION | |
| fixed length control field | 080117s2007 xxkad f s 000 0 eng d |
| 035 ## - SYSTEM CONTROL NUMBER | |
| System control number | (Sirsi) u141994 |
| 041 0# - LANGUAGE CODE | |
| Language code of text/sound track or separate title | eng |
| 100 1# - MAIN ENTRY--PERSONAL NAME | |
| Personal name | Hall, Matthew |
| 245 00 - TITLE STATEMENT | |
| Title | Birmingham faces 2008 uncertainty |
| 260 ## - PUBLICATION, DISTRIBUTION, ETC. | |
| Date of publication, distribution, etc. | 2007 |
| 490 #o - SERIES STATEMENT | |
| Series statement | Property Forecast |
| Volume/sequential designation | 10(12) December 2007, 10-11(2) |
| 520 ## - SUMMARY, ETC. | |
| Summary, etc. | Reviews the Birmingham office market in 2007 which saw a subdued occupier market in the first half of 2007 and continued growth in the third quarter. Discusses the likely prospects for 2008 in light of announcements by Birmingham City Council to streamline its property portfolio. Expects this to generate a significant volume of activity. |
| 590 ## - LOCAL NOTE (RLIN) | |
| Local note | KA |
| 651 #4 - SUBJECT ADDED ENTRY--GEOGRAPHIC NAME | |
| Geographic name | Birmingham |
| 690 ## - LOCAL SUBJECT ADDED ENTRY--TOPICAL TERM (OCLC, RLIN) | |
| Topical term or geographic name as entry element | PROPERTY-COMMERCIAL PROPERTY-COMMERCIAL PROPERTY MARKET |
| 942 ## - ADDED ENTRY ELEMENTS (KOHA) | |
| Suppress in OPAC | 0 |
| Withdrawn status | Lost status | Source of classification or shelving scheme | Damaged status | Not for loan | Home library | Current library | Shelving location | Date acquired | Total Checkouts | Full call number | Barcode | Date last seen | Copy number | Price effective from | Koha item type |
|---|---|---|---|---|---|---|---|---|---|---|---|---|---|---|---|
| Dewey Decimal Classification | London | London | Journal article | 17/01/2008 | L141994 | 141994-1001 | 06/08/2019 | 1 | 06/08/2019 | Journal article |